000
00234nam a2200109 4500
082
_a
MIC
100
_a
Microsoft
245
_a
Microsoft Excel Function and Macros
260
_a
USA:
_b
Microsoft,
_c
1993.
300
_a
317p. ;
942
_c
BK
999
_c
9288
_d
9288